Statistics for FIFA 20 Top 100 Rated Players

Click here to take the quiz!

General Stats

  • This quiz has been taken 363 times
  • The average score is 58 of 100

Answer Stats

RatingTeamPlayer% Correct
93Juventus/Piomento CalcioCristiano Ronaldo
100%
94BarcelonaLionel Messi
100%
92Paris Saint-GermainNeymar
100%
91Manchester CityKevin De Bruyne
96%
90LiverpoolMohamed Salah
96%
89Paris Saint-GermainKylian Mbappé
92%
90LiverpoolVirgil van Dijk
92%
89Real MadridSergio Ramos
91%
Tottenham HotspurHarry Kane
90%
91Atlético de MadridJan Oblak
90%
90Real MadridLuka Modrić
89%
LiverpoolSadio Mané
88%
BarcelonaLuis Suárez
87%
Bayern MunichRobert Lewandowski
85%
LiverpoolAlisson
84%
91Real MadridEden Hazard
84%
Manchester CitySergio Agüero
84%
BarcelonaAntoine Griezmann
83%
90BarcelonaMarc-André ter Stegen
83%
Tottenham HotspurSon Heung-Min
83%
Real MadridToni Kroos
81%
Manchester CityBernardo Silva
80%
David Silva
80%
Paris Saint-GermainThiago Silva
80%
Real MadridThibaut Courtois
79%
87Real MadridKarim Benzema
77%
ChelseaN’Golo Kanté
77%
Manchester UnitedDavid de Gea
75%
BarcelonaGerard Piqué
74%
Bayern MunichManuel Neuer
73%
Manchester UnitedPaul Pogba
73%
Juventus/Piomento CalcioGiorgio Chiellini
72%
ArsenalPierre-Emerick Aubameyang
72%
Manchester CityEderson
71%
Juventus/Piomento CalcioPaulo Dybala
71%
Borussia DortmundMarco Reus
70%
88Manchester CityRaheem Sterling
69%
LiverpoolRoberto Firmino
68%
BarcelonaSergio Busquets
68%
Tottenham HotspurHugo Lloris
67%
NapoliLorenzo Insigne
65%
Real MadridCasemiro
64%
Paris Saint-GermainEdinson Cavani
63%
NapoliKalidou Koulibaly
63%
Bayern MunichThomas Müller
63%
Los Angeles GalaxyZlatan Ibrahimović
63%
BarcelonaJordi Alba
61%
Manchester CityLeroy Sané
61%
Juventus/Piomento CalcioLeonardo Bonucci
59%
NapoliDries Mertens
58%
Borussia DortmundMats Hummels
57%
BarcelonaFrenkie de Jong
55%
86Bayern MunichJoshua Kimmich
55%
Inter MilanRomelu Lukaku
55%
Paris Saint-GermainKeylor Navas
54%
Tottenham HotspurChristian Eriksen
53%
Real MadridRaphaël Varane
53%
85Real MadridMarcelo
52%
Paris Saint-GermainMarco Verratti
52%
Atlético de MadridDiego Godín
51%
Paris Saint-GermainMarquinhos
49%
Inter MilanSamir Handanovič
49%
Bayern MunichThiago
49%
Paris Saint-GermainÁngel Di María
48%
LazioCiro Immobile
48%
LiverpoolAndy Robertson
47%
Manchester CityAymeric Laporte
47%
Tottenham HotspurJan Vertonghen
47%
Juventus/Piomento CalcioMatthijs de Ligt
44%
ArsenalAlexandre Lacazette
43%
Manchester UnitedBruno Fernandes
43%
Bayern MunichDavid Alaba
42%
Manchester CityFernandinho
42%
Atlético de MadridKoke
42%
TottenhamToby Alderweireld
42%
Real MadridDani Carvajal
41%
LiverpoolFabinho
39%
BarcelonaIvan Rakitić
39%
Bayern MunichPhilippe Coutinho
39%
Manchester CityRodri
39%
Paris Saint-GermainMauro Icardi
38%
Juventus/Piomento CalcioMiralem Pjanić
35%
BarcelonaSamuel Umtiti
35%
Atlético de MadridSaúl
35%
AC MilanGianluigi Donnarumma
33%
Real MadridIsco
32%
ValenciaDaniel Parejo
30%
LazioSergej Milinković-Savić
29%
Juventus/Piomento CalcioWojciech Szczęsny
28%
AtalantaAlejandro Gómez
27%
AjaxHakim Ziyech
27%
Real MadridJames Rodríguez
25%
Inter MilanMilan Škriniar
25%
Bayern MunichNiklas Süle
25%
Juventus/Piomento CalcioAlex Sandro
23%
Juventus/Piomento CalcioBlaise Matuidi
22%
Atlético de MadridJosé Giménez
21%
Borussia DortmundAxel Witsel
16%
NapoliAllan
14%
NapoliKostas Manolas
13%

Score Distribution

Percentile by Number Answered

Percent of People with Each Score

Your Score History

You have not taken this quiz